Javelin Throw: Finnish Champions - Statistics

General Stats
  • This quiz has been taken 42 times
  • The average score is 53 of 108
Answer Stats
Year Champion Result % Correct
2004 Tero Pitkämäki 82,82
100%
2005 Tero Pitkämäki 87,83
100%
2006 Tero Pitkämäki 88,17
100%
2007 Tero Pitkämäki 89,43
100%
2010 Tero Pitkämäki 85,70
100%
2013 Tero Pitkämäki 85,70
100%
2016 Tero Pitkämäki 82,05
100%
2017 Tero Pitkämäki 82,80
100%
1985 Seppo Räty 85,02
97%
1986 Seppo Räty 80,02
97%
1989 Seppo Räty 81,86
97%
1990 Seppo Räty 86,92
97%
1991 Seppo Räty 88,34
97%
1993 Seppo Räty 85,68
97%
1995 Seppo Räty 87,68
97%
1996 Seppo Räty 83,46
97%
2019 Lassi Etelätalo 84,11
91%
2020 Lassi Etelätalo 82,20
91%
2022 Lassi Etelätalo 84,62
91%
2018 Oliver Helander 81,26
91%
2021 Oliver Helander 86,13
91%
2012 Antti Ruuskanen 87,79
88%
2014 Antti Ruuskanen 83,70
88%
2015 Antti Ruuskanen 88,98
88%
1998 Aki Parviainen 86,54
82%
1999 Aki Parviainen 87,55
82%
2000 Aki Parviainen 84,29
82%
2001 Aki Parviainen 83,51
82%
2002 Aki Parviainen 82,48
82%
2003 Aki Parviainen 82,91
82%
1964 Jorma Kinnunen 77,73
79%
1965 Jorma Kinnunen 82,48
79%
1966 Jorma Kinnunen 84,10
79%
1968 Jorma Kinnunen 85,80
79%
1969 Jorma Kinnunen 89,72
79%
1944 Tapio Rautavaara 67,65
76%
1945 Tapio Rautavaara 68,54
76%
1947 Tapio Rautavaara 72,29
76%
1948 Tapio Rautavaara 70,33
76%
1949 Tapio Rautavaara 70,28
76%
2009 Teemu Wirkkala 85,84
68%
2008 Tero Järvenpää 86,68
68%
2011 Ari Mannio 85,12
65%
1987 Tapio Korjus 78,34
65%
1988 Tapio Korjus 84,38
65%
1992 Juha Laukkanen 86,72
50%
1994 Juha Laukkanen 81,92
50%
1929 Matti Järvinen 66,18
47%
1930 Matti Järvinen 71,70
47%
1931 Matti Järvinen 68,35
47%
1933 Matti Järvinen 73,15
47%
1934 Matti Järvinen 72,47
47%
1935 Matti Järvinen 74,08
47%
1940 Matti Järvinen 74,24
47%
1942 Matti Järvinen 69,81
47%
1961 Pauli Nevala 77,94
44%
1962 Pauli Nevala 80,10
44%
1963 Pauli Nevala 80,54
44%
1967 Pauli Nevala 80,20
44%
1982 Arto Härkönen 85,94
41%
1997 Sami Saksio 84,26
38%
1970 Hannu Siitonen 84,06
35%
1971 Hannu Siitonen 85,42
35%
1972 Hannu Siitonen 87,66
35%
1973 Hannu Siitonen 89,52
35%
1974 Hannu Siitonen 88,28
35%
1917 Jonni Myyrä 59,48
35%
1918 Jonni Myyrä 59,14
35%
1978 Antero Puranen 83,62
24%
1936 Yrjö Nikkanen 73,27
24%
1937 Yrjö Nikkanen 74,78
24%
1938 Yrjö Nikkanen 72,81
24%
1939 Yrjö Nikkanen 72,66
24%
1943 Yrjö Nikkanen 70,05
24%
1946 Yrjö Nikkanen 70,32
24%
1952 Soini Nikkinen 75,03
18%
1980 Pentti Sinersaari 89,76
15%
1983 Pentti Sinersaari 83,06
15%
1979 Esa Utriainen 90,94
12%
1976 Seppo Hovinen 90,18
12%
1977 Seppo Hovinen 86,88
12%
1950 Toivo Hyytiäinen 71,10
12%
1951 Toivo Hyytiäinen 71,72
12%
1953 Toivo Hyytiäinen 71,13
12%
1954 Toivo Hyytiäinen 73,48
12%
1975 Aimo Aho 85,74
9%
1919 Paavo Johansson 61,38
9%
1920 Paavo Johansson 62,52
9%
1922 Paavo Johansson 59,91
9%
1925 Paavo Johansson 62,72
9%
1984 Tero Saviniemi 86,78
9%
1916 Urho Peltonen 60,30
9%
1921 Urho Peltonen 61,64
9%
1981 Antero Toivonen 88,62
6%
1926 Eino Penttilä 61,96
6%
1927 Eino Penttilä 63,80
6%
1928 Eino Penttilä 61,31
6%
1923 Yrjö Ekqvist 60,75
6%
1924 Yrjö Ekqvist 63,76
6%
1957 Erkki Ahvenniemi 73,14
3%
1955 Jouko Rantanen 74,93
3%
1914 Juho Halme 56,00
3%
1956 Olavi Kauhanen 77,35
3%
1959 Olavi Kauhanen 73,50
3%
1915 Toivo Elo 60,13
3%
1958 Väinö Kuisma 76,78
3%
1960 Väinö Kuisma 73,76
3%
1932 Eero Ihamäki 62,79
0%
No matching quizzes found
Score Distribution
Percent of People with Each Score
Percentile by Number Answered
Your Score History
You have not taken this quiz